Woman under different social and religious laws (Buddhism, Judaism, Christianity, Islam) / (Record no. 7806)
[ view plain ]
| 000 -LEADER | |
|---|---|
| fixed length control field | 00868cam a2200277ua 4500 |
| 001 - CONTROL NUMBER | |
| control field | 7806 |
| 003 - CONTROL NUMBER IDENTIFIER | |
| rucl marc code | BD-RjUL |
| 005 - DATE AND TIME OF LATEST TRANSACTION | |
| control field | 20211208234458.0 |
| 008 - FIXED-LENGTH DATA ELEMENTS--GENERAL INFORMATION | |
| fixed length control field | 040115s1976 ii 000 0 eng d |
| 035 ## - SYSTEM CONTROL NUMBER | |
| System control number | (OCoLC)5633472 |
| System control number | (OCoLC)ocm05633472 |
| System control number | (BD-RjUL)7850 |
| System control number | (BD-RjUL) |
| System control number | (NNC)4437790 |
| 040 ## - CATALOGING SOURCE | |
| Original cataloging agency | IMacoW |
| Transcribing agency | IMacoW |
| Modifying agency | NNUT |
| -- | CStRLIN |
| Language of cataloging | eng |
| 041 ## - LANGUAGE CODE | |
| Language code of text/sound track or separate title | eng |
| 082 ## - DEWEY DECIMAL CLASSIFICATION NUMBER | |
| Edition number | 20 |
| Classification number | 305.486097 |
| Author mark and year | KIW 1976 |
| 090 ## - LOCALLY ASSIGNED LC-TYPE CALL NUMBER (OCLC); LOCAL CALL NUMBER (OCLC) | |
| Classification number (OCLC) (R) ; Classification number, CALL (RLIN) (NR) | HQ569 |
| Local cutter number (OCLC) ; Book number/undivided call number, CALL (RLIN) | .K5 1978 |
| 100 1# - MAIN ENTRY--PERSONAL NAME | |
| Personal name | Kidwai, Mushir Hosain. |
| 9 (RLIN) | 24364 |
| 245 10 - TITLE STATEMENT | |
| Title | Woman under different social and religious laws (Buddhism, Judaism, Christianity, Islam) / |
| Statement of responsibility, etc. | by Shaikh M. H. Kidwai of Gadia. |
| 260 ## - PUBLICATION, DISTRIBUTION, ETC. (IMPRINT) | |
| Place of publication, distribution, etc. | New Delhi : |
| Name of publisher, distributor, etc. | SEEMA Publication, |
| Date of publication, distribution, etc. | 1976. |
| 300 ## - PHYSICAL DESCRIPTION | |
| Pagination | 167 [1] p. ; |
| Size | 23 cm. |
| 650 #0 - SUBJECT ADDED ENTRY--TOPICAL TERM | |
| Topical term or geographic name as entry element | Women (Islamic law) |
| 9 (RLIN) | 20132 |
| Topical term or geographic name as entry element | Women |
| General subdivision | Legal status, laws, etc. |
| 9 (RLIN) | 12650 |
| 942 ## - ADDED ENTRY ELEMENTS (KOHA) | |
| Source of classification or shelving scheme | Dewey Decimal Classification |
| Koha item type | Books |
| Lost status | Source of classification or shelving scheme | Damaged status | Not for loan | Collection code | Permanent Location | Current Location | Shelving location | Date acquired | Source of acquisition | Cost, normal purchase price | Total Checkouts | Full call number | Date last seen | Date checked out | Copy number | Koha item type |
|---|---|---|---|---|---|---|---|---|---|---|---|---|---|---|---|---|
| Dewey Decimal Classification | Non-fiction | Central Library, University of Rajshahi | Central Library, University of Rajshahi | 29/09/1978 | India int. cal. | 40.00 | 1 | 305.486097 KIW 1976 | 19/10/2023 | 08/10/2023 | C-2 | Books | ||||
| Dewey Decimal Classification | Not For Loan | Non-fiction | Central Library, University of Rajshahi | Central Library, University of Rajshahi | Reading Room | 29/09/1978 | India int. cal. | 40.00 | 305.486097 KIW 1976 | 01/01/2017 | C-1 | Books |